Регионална библиотека "Любен Каравелов" - Русе

Българско-английски речник (Запис номер 62728)

MARC детайли
000 -Лидер
Контролно поле с фиксирана дължина 01901nam a2200397 c 4500
003 - Код на организацията, давaща контролен номер
Контролно поле BLK
005 - Дата и час на последна редакция
Контролно поле 20250102092337.0
008 - Елементи от данни с фиксирана дължина
fixed length control field 180408b bul|||||r ||||||| ||bul||
010 ## - Наследен системен номер
LC control number KNG00066953000
040 ## - Източник на каталожния запис
Идентификатор на билиотеката - собственик на записа BLK
041 ## - Код за език
Код за езика на текст/звукозапис или на отделно заглавие Български
Код за езика КДБФ Български
Други езици Английски
080 ## - УДК
Текстов определител УДК Лексикология. Езикови речници и разговорници. Лексикография
УДК код - определител по УДК 81`374
УДК определител =163.2=111
УДК - код + определител 81`374=163.2=111
100 1# - Редна дума - Автор
Автор Атанасова, Теодора Пантелеева
Авторска отговорност първи автор
R(LIN) 364286
139 ## - Редно поле
Редна дума Атанасова, Теодора Пантелеева
Авторски знак Бъл - Б 92
245 10 - Сведения за заглавието
Заглавие Българско-английски речник
Подзаглавни данни Т. 1 - 2
Редно поле (дума) Теодора Пантелеева Атанасова; * Teodora Panteleeva Atanasova; предг. от на том Владимир Филипов.
Том Т. 1
Заглавие на том А - Н
246 11 - Различни форми на заглавието
Паралелно заглавие Bulgarian-English dictionary : Vol. 1-2
250 ## - Област на изданието
Сведения за изданието Ново осъвременено и разш. изд.
257 ## - Страна на издаване
Страна на създаване/издаване България
260 ## - Област на издателските данни
-- София
Име на издателя, разпространителя и проч. ЕМАС
Година на издаване 2004
Печатница София : Д. Благоев
300 ## - Физическа характеристика
Размери/Мащаб 24 см
380 ## - Жанр
Жанр Езикознание. Филология
650 #4 - Допълнително описание по предмет – тема
Основно описание – тема или топоним Български език - речници, българско-английски
9 (RLIN) 244715
653 ## - Ключова дума – ненормативна
Ключова дума българо-английски речници
653 ## - Ключова дума – ненормативна
Ключова дума български език
653 ## - Ключова дума – ненормативна
Ключова дума английски език
700 1# - Други автори (авторска отговорност)
Лично име Atanasova, Teodora Panteleeva
Автороска отговорност (Описва отношението между автора и произведението) *
9 (RLIN) 290993
700 ## - Други автори (авторска отговорност)
Лично име Филипов, Владимир
Дати, свързани с автора 1925-2004
9 (RLIN) 363823
720 ## - Неконтролирано име
Паралелен автор T. Atanasova et al.
Ключова дума за отношение (Описва отношението между автора и произведението) паралелен автор
760 1# - Описание на основната серия
Редна дума на основното описание Атанасова, Теодора Пантелеева
Издание Ново осъвременено и разш. изд.
Място на издаване, издател и година 2004
Страници - том 756 с.
Заглавие Т. 1 А - Н
852 ## - Местоположение
Форматна сигнатура Цб 228437
856 4# - Електронен адрес и достъп
Електронен формат pdf - файл
Път до файла /url/
856 4# - Електронен адрес и достъп
Електронен формат pdf - файл
Път до файла /url/
942 ## - АРТИКУЛИ
Вид на библиотечния материал Книги
Скрит в OPAC Не
944 ## - СЪЗДАВАНЕ И РЕДАКЦИЯ на ЗАПИСА
Създаване/Редакция Създаване
Дата на регистрацията/редакция 05.07.2006
Служител, извършил регистрацията/редакцията 30540
Статус, дата на статуса Севдалина Тодорова
944 ## - СЪЗДАВАНЕ И РЕДАКЦИЯ на ЗАПИСА
Създаване/Редакция Редакция
Дата на регистрацията/редакция 04.01.2007
Служител, извършил регистрацията/редакцията
999 ## - СИСТЕМНИ КОНТРОЛНИ НОМЕРА
Koha biblionumber 62728
Koha biblioitemnumber 62728
Наличности
Код за отписване Код за изгубен артикул Код за повреда Коз за рестрикции Код за отдаване Артикулен № Име на библиотеката - собственик Име на библиотеката, в която се намира в момента Статус (Текущо местоположение) Дата на вписване в системата Местоположение - отдел Цена в лева Инвентарен номер Систематично азбучна сигнатура Баркод Номер на екземпляра Цена в евро Служебна бележка Служебен тип на артикула Източник на класификационната схема
  Не е изгубен Не е повреден без рестрикции ползва се в читалня 104114 Регионална библиотека "Любен Каравелов" Русе Регионална библиотека "Любен Каравелов" Русе Хранилище 2006-07-05 Хранилище 0.00 120000703618 Цб 228437 120000703618 1 0.00 Дост: Dp Вид: Д N: 29 Дата: 06.07.2005 Книги  
  Не е изгубен Не е повреден само за читалня ползва се в читалня 104115 Регионална библиотека "Любен Каравелов" Русе Регионална библиотека "Любен Каравелов" Русе СБИД 2006-12-28 СБИД 27.50 120000708032 С 811/Б 92 120000708032 2 14.06 Дост: Pk Вид: Ф N: 47857 Дата: 21.12.2006 Дата инв: 05.06.2017 Бележки инв: С2017 Книги Universal Decimal Classification
Vip Innovations Ltd, Rousse, Bulgaria 2025